Statistics for Are You A Harry Potter Fan?

Click here to take the quiz!

General Stats

  • This quiz has been taken 76 times
  • The average score is 10 of 11

Answer Stats

QuestionAnswer% Correct
Who is Hermione Granger played by?Emma Watson
100%
Name Hagrid's pet, who is a giant spider.Aragog
98%
What is Lord Voldemort's actual name?Tom Marvolo Riddle
98%
Which character always carries a camera around Hogwarts?Colin Creevey
97%
In Harry Potter and The Sorcerer's Stone, how did Harry catch the snitch in his very first quittage game?He caught the snitch in his mouth.
95%
What are the colors that represent Hufflepuff?Yellow and Black
91%
When is Harry Potter's birthday?July 31st
89%
Where was Harry born?Godric's Hollow
86%
In which Harry Potter movie did Professor Snape die?Harry Potter and The Deathly Hollows- Part 2
77%
Name the mother of Severus Snape, who was a pure-blooded witch.Eileen
70%
Who is the ONLY person to unseal the Chamber of Secrets?The Heir of Slythrin
58%

Score Distribution

Percentile by Number Answered

Percent of People with Each Score

Your Score History

You have not taken this quiz